|
|
|
|
| LEADER |
00000ny a22000003n 4500 |
| 005 |
20110511102631.0 |
| 006 |
m d |
| 007 |
cr |n |
| 008 |
751027c1970 at qr p s 0 a0eng |
| 022 |
|
|
|a 0004-8623
|
| 035 |
|
|
|a 2838
|
| 040 |
|
|
|a AIP.
|d vLex
|
| 090 |
|
|
|c 1609
|d 1609
|
| 245 |
3 |
0 |
|a Australian academic and research libraries
|h [Recurso electrn̤ico]
|
| 246 |
3 |
0 |
|a AARL
|
| 246 |
3 |
0 |
|a Australian academic & research libraries
|
| 256 |
|
|
|a Servicio en ln̕ea
|
| 260 |
|
|
|a Bundoora, Vic., Australia :
|b University & College Libraries Section of the Library Association of Australia
|
| 310 |
|
|
|a Trimestral
|
| 506 |
1 |
|
|a Contenido solo disponible en los productos indicados
|d vLex Global
|d vLex Global (Academic Edition, excluding Law Schools)
|d vLex Global (Academic Edition, Law Schools)
|
| 650 |
0 |
4 |
|a Bibliotecas universitarias
|z Australia
|x Publicaciones perid̤icas
|
| 710 |
2 |
|
|a Library Association of Australia.
|b University and College Libraries Section
|
| 740 |
0 |
|
|a vLex Revista (Servicios en ln̕ea)
|
| 843 |
|
|
|a Electrn̤ica. Abierta
|
| 853 |
|
|
|8 1
|i (year)
|j (month)
|k (day)
|
| 856 |
4 |
0 |
|z Acceso restringido
|u http://vlex.com/account/login_ip?fuente_id=2838
|
| 942 |
|
|
|c REV
|
| 999 |
|
|
|a Academic libraries
|a Australia
|a Periodicals
|
| 999 |
|
|
|a Research libraries
|a Australia
|a Periodicals
|